| 000 | 00651cam a22002293a 4500 | ||
|---|---|---|---|
| 001 | 23229 | ||
| 003 | PGUSA | ||
| 005 | 20140828083508.0 | ||
| 008 | 071028s2007||||xxu|||||s|||||000 | eng d | ||
| 040 |
_aPGUSA _beng |
||
| 042 | _adc | ||
| 050 | 4 | _aPR | |
| 100 | 1 |
_aWilde, Oscar, _d1854-1900 |
|
| 245 | 1 | 0 |
_aFor Love of the King : _ba Burmese Masque _h[electronic resource] / _cOscar Wilde |
| 260 |
_bProject Gutenberg, _c2007 |
||
| 506 | _aPublic domain in the USA. | ||
| 516 | _aElectronic text | ||
| 653 | _aEnglish drama -- 19th century | ||
| 830 | 0 |
_aProject Gutenberg _v23229 |
|
| 856 | 4 | 0 | _uhttp://www.gutenberg.org/ebooks/23229 |
| 942 | _cEB | ||
| 999 |
_c252484 _d252484 |
||